Power politics
Salvato in:
| Autore principale: | |
|---|---|
| Natura: | Libro |
| Lingua: | inglese |
| Pubblicazione: |
Nueva York
Holmes & Meier
1978
|
| Soggetti: | |
| Tags: |
Aggiungi Tag
Nessun Tag, puoi essere il primo ad aggiungerne!!
|
MARC
| LEADER | 00000nam a2200000 a 4500 | ||
|---|---|---|---|
| 001 | UCT7079 | ||
| 003 | CL-VaPUC | ||
| 008 | 970116e19780000US |||||||||||||||||eng|d | ||
| 082 | 0 | 4 | |a 327.1 |b WIG |2 21 |
| 100 | 0 | |a Wight, Martin |e author |9 377707 | |
| 245 | 1 | 0 | |a Power politics |
| 300 | |a 317 p | ||
| 942 | |c BK | ||
| 945 | |d 19970116 00:00:00 |a paguirre | ||
| 260 | |a Nueva York |b Holmes & Meier |c 1978 | ||
| 650 | 0 | |a Relaciones Internacionales |9 255740 | |
| 650 | 0 | |a Política internacional |9 255813 | |
| 650 | 7 | |a SISTEMA DE NACIONES UNIDAS |2 CL-VaPUC |9 372032 | |
| 650 | 0 | |a Diplomacia |9 256483 | |
| 650 | 0 | |a Desarme |9 255227 | |
| 650 | 7 | |a PROCESO DE ARMAMENTO |2 CL-VaPUC |9 377708 | |
| 583 | |a last modification |c 19970116 00:00:00 |k Rodrigo Vera | ||
| 999 | |c 255740 |d 255738 | ||
| 952 | |0 0 |1 0 |4 0 |6 327_100000000000000_WIG_1978 |7 0 |8 A |9 278133 |a BIBDER |b BIBDER |d 2019-11-19 |i 1805991 |o 327.1 WIG 1978 |p 1805991 |r 2023-01-25 |w 2019-11-19 |y BK |k DER | ||